長野電鉄線の駅(2000年) - Statistics

General Stats
  • This quiz has been taken 4 times
  • The average score is 24 of 45
Answer Stats
路線 所在地 備考 駅名 % Correct
長野線 長野市 長野
100%
長野線 市役所前
100%
長野線 権堂
100%
長野線 善光寺下
100%
長野線 須坂
100%
長野線 上高井郡小布施町 小布施
100%
長野線 中野市 桜沢
100%
長野線 信州中野
100%
木島線 中野市 廃止区間 信州中野
100%
木島線 廃止区間 木島
100%
屋代線 須坂市 廃止区間 須坂
100%
長野線 本郷
67%
長野線 桐原
67%
長野線 信濃吉田
67%
長野線 朝陽
67%
長野線 須坂市 村山
67%
長野線 日野
67%
長野線 北須坂
67%
長野線 都住
67%
長野線 延徳
67%
長野線 中野松川
67%
長野線 信濃竹原
67%
長野線 上条
67%
長野線 湯田中
67%
屋代線 廃止区間 東屋代
67%
屋代線 廃止区間 屋代
67%
長野線 附属中学校前
33%
長野線 柳原
33%
長野線 下高井郡山ノ内町 夜間瀬
33%
屋代線 廃止区間 井上
33%
屋代線 長野市 廃止区間 綿内
33%
屋代線 長野市 廃止区間 若穂
33%
屋代線 長野市 廃止区間 信濃川田
33%
屋代線 長野市 廃止区間 大室
33%
屋代線 廃止区間 松代
33%
屋代線 廃止区間 象山口
33%
木島線 廃止区間 中野北
0%
木島線 廃止区間 四ヶ郷
0%
木島線 廃止区間 赤岩
0%
木島線 廃止区間 柳沢
0%
木島線 廃止区間 田上
0%
木島線 飯山市 廃止区間 信濃安田
0%
屋代線 長野市 廃止区間 金井山
0%
屋代線 廃止区間 岩野
0%
屋代線 千曲市 廃止区間 雨宮
0%
No matching quizzes found
Score Distribution
Percent of People with Each Score
Percentile by Number Answered
Your Score History
You have not taken this quiz